00691nam a22002057a 450000500170000001000150001702000260003203500140005803700130007208200110008510000180009624500710011426000340018527000380021930000200025750000410027794200250031899900190034395201230036220170816150631.0 aENG-119821 a9878176116565c800.00 aEN-103353 bDBAD/PUB a304.62 aSingh, Indira aPopulation Growth :c by Indira Singhbthe problem of employment / aJaipurbRBSA Publishersc2013 a340, Chaura RastabJaipure302003 a256p.c23cm(Hb) a Includes bibliographical references 2ddccENh304.62mSIN c143420d143420 001040708NFICaBL4bBL4d2017-08-16eDBAD/PUBg800.00l0o304.62 SINpEN-103353r2017-08-16 00:00:00t1v800.00yEN